<?xml version="1.0" encoding="UTF-8"?>
<collection xmlns="http://www.loc.gov/MARC21/slim">
 <record>
  <leader>01152nam a2200217   4500</leader>
  <controlfield tag="001">1/33172</controlfield>
  <controlfield tag="008">990802s2006    gr            001 0 gre d</controlfield>
  <datafield tag="020" ind1=" " ind2=" ">
   <subfield code="a">9600803862</subfield>
  </datafield>
  <datafield tag="035" ind1=" " ind2=" ">
   <subfield code="l">35580</subfield>
  </datafield>
  <datafield tag="040" ind1=" " ind2=" ">
   <subfield code="a">GR-PeUP</subfield>
  </datafield>
  <datafield tag="090" ind1=" " ind2=" ">
   <subfield code="a">340.59 ΑΒΕ</subfield>
  </datafield>
  <datafield tag="100" ind1="1" ind2=" ">
   <subfield code="a">Abedin Zainul Hazrat.</subfield>
  </datafield>
  <datafield tag="245" ind1="1" ind2="0">
   <subfield code="a">Διακήρυξη των υποχρεώσεων και δικαιωμάτων του ανθρώπου /</subfield>
   <subfield code="c">Χαζράτ Ζεϊνέλ Αμπεντίν ; μετ. Λιάνα Μυστακίδου ; επιμ. Σ. Μοχαμμαντρέζα Νταρμπαντί και Πασίντ Μουσαβί.</subfield>
  </datafield>
  <datafield tag="260" ind1=" " ind2=" ">
   <subfield code="a">Αθήναι :</subfield>
   <subfield code="b">Ι Σιδέρης,</subfield>
   <subfield code="c">2006.</subfield>
  </datafield>
  <datafield tag="300" ind1=" " ind2=" ">
   <subfield code="a">47 σ. :</subfield>
   <subfield code="c">21 cm.</subfield>
  </datafield>
  <datafield tag="650" ind1=" " ind2="4">
   <subfield code="a">Πολιτικά δικαιώματα (Ισλαμικό δίκαιο)</subfield>
  </datafield>
  <datafield tag="650" ind1=" " ind2="4">
   <subfield code="a">Ανθρώπινα δικαιώματα</subfield>
   <subfield code="x">Θρησκευτικές απόψεις</subfield>
   <subfield code="z">Ισλάμ.</subfield>
  </datafield>
  <datafield tag="700" ind1="1" ind2=" ">
   <subfield code="a">Μυστακίδου, Λιάνα.</subfield>
  </datafield>
  <datafield tag="700" ind1="1" ind2=" ">
   <subfield code="a">Μοχαμμαντρέζα Νταρμπαντί Σ.</subfield>
  </datafield>
  <datafield tag="700" ind1="1" ind2=" ">
   <subfield code="a">Μουσαβί Ρασίντ.</subfield>
  </datafield>
  <datafield tag="852" ind1=" " ind2=" ">
   <subfield code="a">INST</subfield>
   <subfield code="b">UNIPILB</subfield>
   <subfield code="c">MAIN</subfield>
   <subfield code="e">20070828</subfield>
   <subfield code="h">340.59 ΑΒΕ</subfield>
   <subfield code="p">00153554</subfield>
   <subfield code="q">00153554</subfield>
   <subfield code="t">LOAN</subfield>
   <subfield code="y">0</subfield>
   <subfield code="4">1</subfield>
  </datafield>
 </record>
</collection>
